Heimatblatt der Kuneschhauer Spurensuche in unserer Geschichte

Bibliographic Details
Format: Serial
Language:German
Slovak
PhysicalDescription:zv. ilustr. 30 cm
Published: Degendorf Arbeitskreis der Kuneschhauer 1993-
Lauterstein
Schorndorf
Subjects:

MARC

LEADER 00000cas a2200000 a 4500
001 vtls010626140
003 SK-MaSNL
005 20260228161131.0
008 180221c19939999gw ar| 0 b0ger c
040 |a SNK  |b slo  |c SNK  |e AACR2 
041 0 |a ger  |a slo 
043 |a e-xo---  |a e-gx--- 
044 |a gw  |c DE 
072 7 |a 93/94  |x Dejiny (všeobecne)  |2 konspekt 
072 7 |a 316.3  |x Globálne spoločnosti. Sociálna štruktúra. Sociálne skupiny  |2 konspekt 
072 7 |a 316.7  |x Sociológia kultúry. Kultúrny život  |2 konspekt 
080 |a 050  |2 2001 
080 |a 93/94  |2 2011 
080 |a (437.6=112.2)  |2 2001 
080 |a 316.728  |2 2011 
080 |a (437.6)  |2 2001 
080 |a (430)  |2 2011 
080 |a (058)  |2 2011 
245 0 0 |a Heimatblatt der Kuneschhauer  |b Spurensuche in unserer Geschichte 
260 |a Degendorf  |b Arbeitskreis der Kuneschhauer  |c 1993- 
260 2 |3 2004-2007  |a Lauterstein  |b Arbeitskreis der Kuneschhauer 
260 3 |3 2008-  |a Schorndorf  |b Arbeitskreis der Kuneschhauer 
300 |a zv.  |b ilustr.  |c 30 cm 
310 |a 1x ročne 
362 0 |a Folge 1 (1993)- 
500 |a Podnázov v rokoch 2013-2015: Spurensuche in unserer Geschichte 
546 |a Čiastočný text slovenský 
650 0 7 |a Karpatskí Nemci  |2 SNKPH  |9 253235 
650 0 7 |a Carpathian German  |2 SNKPHeng  |9 268045 
650 0 7 |a History  |2 SNKPHeng  |9 265139 
650 0 7 |a dejiny  |2 SNKPH  |9 3825 
650 0 7 |a každodenný život  |2 SNKPH  |9 4946 
650 0 7 |a Everyday life  |2 SNKPHeng  |9 265105 
651 7 |a Kunešov (Slovensko)  |2 SNKPH  |9 182674 
651 7 |a Kunešov (Slovakia)  |2 SNKPHeng  |9 268046 
651 7 |a Nemecko  |2 SNKPH  |9 21020 
651 7 |a Germany  |2 SNKPHeng  |9 268047 
655 7 |a ročenky  |2 SNKPH  |9 57146 
655 7 |a Yearbooks  |2 SNKPHeng  |9 120938 
910 |a snk 
916 |a 1993-2016 
999 |c 4447  |d 6377 
952 |0 0  |1 0  |4 0  |7 0  |8 2  |a SNK  |b SNK  |d 2018-02-12  |f 1  |i snkČV 2379/2001  |l 0  |o snkČSB 5139/1/1993  |p 17A0896761  |r 2026-02-21 19:55:35  |w 2026-02-21  |y PREZ 
952 |0 0  |1 0  |4 0  |7 0  |8 2  |a SNK  |b SNK  |d 2018-02-12  |f 1  |i snkČV 2378/2001  |l 0  |o snkČSB 5139/2/1994  |p 17A0896759  |r 2026-02-21 19:55:35  |w 2026-02-21  |y PREZ 
952 |0 0  |1 0  |4 0  |7 0  |8 2  |a SNK  |b SNK  |d 2018-02-12  |f 1  |i snkČV 2376/2001  |l 0  |o snkČSB 5139/4/1996  |p 17A0896758  |r 2026-02-21 19:55:35  |w 2026-02-21  |y PREZ 
952 |0 0  |1 0  |4 0  |7 0  |8 2  |a SNK  |b SNK  |d 2018-02-12  |f 1  |i snkČV 2377/2001  |l 0  |o snkČSB 5139/3/1995  |p 17A0896757  |r 2026-02-21 19:55:35  |w 2026-02-21  |y PREZ 
952 |0 0  |1 0  |4 0  |7 0  |8 2  |a SNK  |b SNK  |d 2018-11-29  |f 1  |i snk2018/25752  |l 0  |o snkČSB 5139/24/2016  |p 17A1339696  |r 2026-02-21 22:06:18  |w 2026-02-21  |y PREZ 
952 |0 0  |1 0  |4 0  |7 0  |8 2  |a SNK  |b SNK  |d 2018-02-13  |f 1  |i snkČV 2375/2001  |l 0  |o snkČSB 5139/5/1997  |p 17A0896755  |r 2026-02-21 22:25:48  |w 2026-02-21  |y PREZ 
952 |0 0  |1 0  |4 0  |7 0  |8 2  |a SNK  |b SNK  |d 2018-02-13  |f 1  |i snkČV 2373/2001  |l 0  |o snkČSB 5139/6/1998  |p 17A0896753  |r 2026-02-21 22:25:48  |w 2026-02-21  |y PREZ 
952 |0 0  |1 0  |4 0  |7 0  |8 2  |a SNK  |b SNK  |d 2018-02-13  |f 1  |i snkČV 2078/2003  |l 0  |o snkČSB 5139/7/1999  |p 17A0896752  |r 2026-02-21 22:25:49  |w 2026-02-21  |y PREZ 
952 |0 0  |1 0  |4 0  |7 0  |8 2  |a SNK  |b SNK  |d 2018-02-14  |f 1  |i snkČV 2079/2003  |l 0  |o snkČSB 5139/8/2000  |p 17A0896754  |r 2026-02-21 22:26:32  |w 2026-02-21  |y PREZ 
952 |0 0  |1 0  |4 0  |7 0  |a SNK  |b SNK  |d 2018-02-14  |f 1  |i snkČV 2081/2003  |l 0  |o snkČSB 5139/9/2001  |p 17A0985165  |r 2026-02-21 22:26:32  |w 2026-02-21  |y PREZ 
952 |0 0  |1 0  |4 0  |7 0  |8 2  |a SNK  |b SNK  |d 2018-02-15  |f 1  |i snk2018/4201  |l 0  |o snkČSB 5139/13/2005  |p 17A1267653  |r 2026-02-21 22:26:32  |w 2026-02-21  |y PREZ 
952 |0 0  |1 0  |4 0  |7 0  |8 2  |a SNK  |b SNK  |d 2018-02-15  |f 1  |i snk2018/4202  |l 0  |o snkČSB 5139/14/2006  |p 17A1267654  |r 2026-02-21 22:26:32  |w 2026-02-21  |y PREZ 
952 |0 0  |1 0  |4 0  |7 0  |8 2  |a SNK  |b SNK  |d 2018-02-15  |f 1  |i snk2018/4203  |l 0  |o snkČSB 5139/15/2007  |p 17A1267655  |r 2026-02-21 22:26:32  |w 2026-02-21  |y PREZ 
952 |0 0  |1 0  |4 0  |7 0  |8 2  |a SNK  |b SNK  |d 2018-02-15  |f 1  |i snk2018/4208  |l 0  |o snkČSB 5139/16/2008  |p 17A1267656  |r 2026-02-21 22:26:33  |w 2026-02-21  |y PREZ 
952 |0 0  |1 0  |4 0  |7 0  |8 2  |a SNK  |b SNK  |d 2018-02-15  |f 1  |i snkČV 296/2004  |l 0  |o snkČSB 5139/10/2002  |p 17A0985166  |r 2026-02-21 22:26:34  |w 2026-02-21  |y PREZ 
952 |0 0  |1 0  |4 0  |7 0  |8 2  |a SNK  |b SNK  |d 2018-02-15  |f 1  |i snk2018/4192  |l 0  |o snkČSB 5139/11/2003  |p 17A1267649  |r 2026-02-21 22:26:35  |w 2026-02-21  |y PREZ 
952 |0 0  |1 0  |4 0  |7 0  |8 2  |a SNK  |b SNK  |d 2018-02-15  |i snk2018/4195  |l 0  |o snkČSB 5139/11/2003 D1  |p 17A1267650  |r 2026-02-21 22:26:35  |w 2026-02-21  |y PREZ 
952 |0 0  |1 0  |4 0  |7 0  |8 2  |a SNK  |b SNK  |d 2018-02-15  |f 1  |i snk2018/4196  |l 0  |o snkČSB 5139/12/2004  |p 17A1267652  |r 2026-02-21 22:26:35  |w 2026-02-21  |y PREZ 
952 |0 0  |1 0  |4 0  |7 0  |8 2  |a SNK  |b SNK  |d 2018-02-15  |f 1  |i snk2018/4208  |l 0  |o snkČSB 5139/16/2008/príl.  |p 17A1267657  |r 2026-02-21 22:26:35  |w 2026-02-21  |y PREZ  |z Zvláštne vydanie, označené ako Folge 16/1 
952 |0 0  |1 0  |4 0  |7 0  |8 2  |a SNK  |b SNK  |d 2018-02-15  |f 1  |i snk2018/4216  |l 0  |o snkČSB 5139/17/2009  |p 17A1267658  |r 2026-02-21 22:26:35  |w 2026-02-21  |y PREZ 
952 |0 0  |1 0  |4 0  |7 0  |8 2  |a SNK  |b SNK  |d 2018-02-15  |f 1  |i snk2018/4220  |l 0  |o snkČSB 5139/18/2010  |p 17A1267659  |r 2026-02-21 22:26:36  |w 2026-02-21  |y PREZ 
952 |0 0  |1 0  |4 0  |7 0  |8 2  |a SNK  |b SNK  |d 2018-02-15  |i snk2018/4222  |l 0  |o snkČSB 5139/18/2010 D1  |p 17A1267660  |r 2026-02-21 22:26:36  |w 2026-02-21  |y PREZ 
952 |0 0  |1 0  |4 0  |7 0  |8 2  |a SNK  |b SNK  |d 2018-02-15  |f 1  |i snk2018/4223  |l 0  |o snkČSB 5139/19/2011  |p 17A1267661  |r 2026-02-21 22:26:36  |w 2026-02-21  |y PREZ 
952 |0 0  |1 0  |4 0  |7 0  |8 2  |a SNK  |b SNK  |d 2018-02-15  |i snk2018/4226  |l 0  |o snkČSB 5139/19/2011 D1  |p 17A1267662  |r 2026-02-21 22:26:36  |w 2026-02-21  |y PREZ 
952 |0 0  |1 0  |4 0  |7 0  |8 2  |a SNK  |b SNK  |d 2018-02-15  |f 1  |i snk2018/4229  |l 0  |o snkČSB 5139/20/2012  |p 17A1267663  |r 2026-02-21 22:26:36  |w 2026-02-21  |y PREZ 
952 |0 0  |1 0  |4 0  |7 0  |8 2  |a SNK  |b SNK  |d 2018-02-15  |f 1  |i snk2018/4230  |l 0  |o snkČSB 5139/21/2013  |p 17A1267664  |r 2026-02-21 22:26:36  |w 2026-02-21  |y PREZ 
952 |0 0  |1 0  |4 0  |7 0  |8 2  |a SNK  |b SNK  |d 2018-02-15  |f 1  |i snk2018/4231  |l 0  |o snkČSB 5139/22/2014  |p 17A1267665  |r 2026-02-21 22:26:36  |w 2026-02-21  |y PREZ 
952 |0 0  |1 0  |4 0  |7 0  |8 2  |a SNK  |b SNK  |d 2018-02-15  |f 1  |i snk2018/4234  |l 0  |o snkČSB 5139/23/2015  |p 17A1267666  |r 2026-02-21 22:26:36  |w 2026-02-21  |y PREZ